000 00705nam a2200265Ia 4500
001 21059
005 20240114000542.0
007 ta
008 060301s1999 a g b000 u 465 u
020 _a81-7663-275-9
040 _aCotton College,Assam
041 _a465
082 _a330.954
_bDh 535 In
100 _aDhar, P.K. .
245 0 _aIndian economy: its Growing Dimensions /
_cP.K. Dhar.
_hTextual Documents
250 _a7th ed. /
260 _aNew Delhi :
_bKalyani Publisher ,
_c1999.
300 _axxv,1106p. :
_bill ;
_c23cm .
653 _aEconomics
653 _aG-Economics
653 _aIndian Economy
942 _2ddc
_cBK
999 _c21041
_d21041